000 01082cam a2200325 a 4500
001 35150
005 20230404130020.0
008 910930s1986 cu c b 000 0bspa d
035 _9(DLC) 91200718
035 _a608077
942 _2lcc
_cbk
010 _a91200718
035 _a(OCoLC)20774646
040 _aNN
_cDLC
_dDLC
042 _alccopycat
043 _anwcu---
050 1 4 _a107 F 1783
_bG633M 1986
100 1 _aMartí, José,
_d1853-1895.
245 1 3 _aEl General Gómez /
_cJosé Martí ; selección, introducción y notas del Centro de Estudios Martianos.
260 _aLa Habana :
_bEditora Política,
_c1986.
300 _axiv, 237 p. :
_bport. ;
_c23 cm.
440 0 _aColección Textos martianos
500 _aAt head of title: Centro de Estudios Martianos.
504 _aIncludes bibliographical references.
600 1 0 _aGómez, Máximo,
_d1836-1905.
651 0 _aCuba
_xHistory
_yInsurrection, 1868-1878.
651 0 _aCuba
_xHistory
_y1878-1895.
650 0 _aRevolutionaries
_zCuba
_xBiography.
710 2 _aCentro de Estudios Martianos (1977- )
999 _c9244
_d9244